| 000 | 00356cam a2200145ua 4500 | ||
|---|---|---|---|
| 041 |
_ahin _h |
||
| 082 |
_a891,43 _bMUL/DO |
||
| 100 | _aMulkraj , Ananad . | ||
| 245 |
_aDo pathi Ek Kala / _cMulkraj anad. _hTextual Documents |
||
| 260 |
_aDelhi : _bRajkamal Prakashan , _c1961. |
||
| 300 | _a263 ; . | ||
| 504 | _a | ||
| 942 | _cBK | ||
| 999 |
_c12287 _d12287 |
||